| 000 | 00781cab a2200229 4500 | ||
|---|---|---|---|
| 001 | ABS47327 | ||
| 008 | 090401t1992 xxu||||| |||| 00| 0 eng d | ||
| 035 | _a(Sirsi) u61627 | ||
| 041 | _aeng | ||
| 100 | _aKynoch, R. | ||
| 245 | _aTapping into hidden reserves : property moves in on industry | ||
| 260 | _c1992 | ||
| 350 | _a0 | ||
| 490 |
_aChartered Surveyor Weekly _v41(3) 15 October 1992, 22-23(2) |
||
| 520 | _aConsiders how chartered surveyors are trying to create new business by offering their services to industry to manage its property assets. | ||
| 650 | _aASSET MANAGEMENT | ||
| 650 | _aABOUT RICS-RICS MEMBERS | ||
| 650 |
_aProperty management _96262 |
||
| 690 | _aMANAGEMENT-BUSINESS MANAGEMENT-PROFESSIONAL PRACTICE | ||
| 942 | _n0 | ||
| 948 | _c04/03/1997 | ||
| 999 |
_c38219 _d38219 |
||